Counseling psychology (Record no. 396749)
[ view plain ]
| 000 -LEADER | |
|---|---|
| fixed length control field | 00559 a2200217 4500 |
| 005 - DATE & TIME | |
| control field | 20260417115243.0 |
| 008 - FIXED-LENGTH DATA ELEMENTS--GENERAL INFORMATION | |
| fixed length control field | 260416b |||||||| |||| 00| 0 eng d |
| 020 ## - ISBN | |
| International Standard Book Number | 9781433836473 |
| Price | $ 79.99 |
| 040 ## - CATALOGING SOURCE | |
| Original cataloging agency | VIVEKANANDA LIBRARY |
| 082 ## - DDC NUMBER | |
| Classification number | 158.3 |
| Book Number | G283C(4) |
| 100 ## - MAIN ENTRY--PERSONAL NAME | |
| Personal name | Gelso, Charles J |
| 245 ## - TITLE STATEMENT | |
| Title | Counseling psychology |
| 250 ## - EDITION STATEMENT | |
| Edition statement | 4th |
| 260 ## - PUBLICATION, DISTRIBUTION, ETC. (IMPRINT) | |
| Name of publisher, distributor, etc | American Psychological Association |
| Date of publication, distribution, etc | 2022 |
| Place of publication, distribution, etc | Washington |
| 300 ## - PHYSICAL DESCRIPTION | |
| Pages | xi, 560 |
| 650 ## - Subject | |
| Subject | Psychology |
| 650 ## - Subject | |
| Subject | Counselling |
| 650 ## - Subject | |
| Subject | Psychotherapy |
| 700 ## - Added Entry Personal Name | |
| Added Entry Personal Name | Willams, Elizabeth Nutt |
| 942 ## - ADDED ENTRY ELEMENTS (KOHA) | |
| Koha item type | Books |
| Withdrawn status | Lost status | Source of classification or shelving scheme | Damaged status | Not for loan | Location (home branch) | Sublocation or collection (holding branch) | Shelving location | Date acquired | Koha issues (times borrowed) | Koha full call number | Accession No. | Koha date last seen | Koha item type |
|---|---|---|---|---|---|---|---|---|---|---|---|---|---|
| Dewey Decimal Classification | VIVEKANANDA LIBRARY | VIVEKANANDA LIBRARY | Vivekananda Library | 25/03/2026 | 158.3 G283C(4) | 438916 | 25/03/2026 | Books |
